| 000 | 01544nam a2200373 c 4500 | ||
|---|---|---|---|
| 003 | BLK | ||
| 005 | 20250728093244.0 | ||
| 008 | 180413b bul|||||r ||||||| ||bul|| | ||
| 010 | _aKNG00028226000 | ||
| 020 |
_a978-954-9625-72-1 _bиздат.: Ергон |
||
| 040 | _aBLK | ||
| 041 |
_aBUL _cBUL |
||
| 072 | 7 |
_2bullib _aН83 _xЧужда художествена литература Н |
|
| 080 |
_aАмериканска литература (на САЩ) _b821.111(73) _x-31 _z821.111(73)-31 |
||
| 100 |
_aБраун, Сандра _d1948- _gАмериканска писателка _eпърви автор _9241650 |
||
| 700 | 1 |
_aСавчев, Боян _eпрев. от англ. _9365428 |
|
| 139 |
_aБраун, Сандра _bБ 78 |
||
| 245 | 1 | 0 |
_aОгледален образ _bРоман _cСандра Браун; прев. от англ. Боян Савчев. |
| 250 | _a3. изд. | ||
| 257 | _aUSA | ||
| 260 |
_аСофия _bЕргон _c2011 |
||
| 300 |
_a408 с. _c20 см |
||
| 380 | _aX | ||
| 490 | 1 | _aБиблиотека Любов и Съдба | |
| 500 | _aОриг. загл. Mirror Image / Sandra Brown. - 1. изд. 1993 на изд. Слово - В. Търново в сер. Колекция Любов - 1. | ||
| 653 | _aромани | ||
| 659 | _aН | ||
| 852 | _aЦб 251524 | ||
| 856 | 4 |
_qpdf _u |
|
| 856 | 4 |
_qpdf _u |
|
| 942 |
_cKNG _n0 _052 |
||
| 944 |
_aCR _c13.04.2011 _lЦветелина Шанова _k30531 |
||
| 944 |
_aED _c19.12.2016 _lф / _kВиолета_Тройчева |
||
| 999 |
_c25682 _d25682 |
||